| 000 | 00383nam a22001337a 4500 | ||
|---|---|---|---|
| 082 |
_a55.4050954 _bJAS _cD |
||
| 100 |
_aLt General RK Jasbir Singh _947029 |
||
| 245 |
_aYearbook Indian Defence 2000 _cLt General RK Jasbir Singh |
||
| 260 |
_aIndia _bPrint Style, New Delhi |
||
| 300 | _a652 P, : | ||
| 526 |
_a0 _b0 _c0 _d55_405095400000000_JAS |
||
| 650 |
_aMCE _9379 |
||
| 942 |
_2ddc _cBK |
||
| 999 |
_c550333 _d550333 |
||